1536 1655 1997 1691 1227 1841 1825 1163 1763 1408 1616 1583 1452 1966 1071 1153 1171 1603 1293 1505 1120 1773 1244 1981 1780 1607 1372 1770 1447 1637 1714 1126 1598 1051 1022 1411 1904 1089 1119 1154 1459 1294 1952 1656 1800 1917 1082 1399 1773 1571 1007 1940 1166 1058 1099 1184 1974 1389 1544 1323 1338 1858 1283 1100 1707 1851 1653 1626 1819 1104 1897 1476 1768 1795 1910 1655 1358 1668 1770 1697 1439 1191 1338 1911 1502 1074 1303 1269 1415 1383 1182 1573 1551 1180 1008 1797 1424 1539 1805 BCNSPRNW ULIB Ver.6.0+V

เปลี่ยนเป็นภาษาไทย

Change to English
 แสดงรายละเอียดบรรณานุกรม
  กลับหน้าหลัก

Brief Record : Get Marc (ISO 2709) : E-mail record : QR code < ปิดหน้าต่าง
LEADER : 00000nam 2200000uu 4500
001    13399125260
003     ULIB
008    161201s2559||||th 000 0 tha d
060  0 ^aWA546 ล235ก
100 0  ^aผู้ช่วยรองศาสตราจารย์ ดร.ลัฆวี ปิยะบัณฑิตกุล
110 1  ^aสำนักงานสนับสนุนการพัฒนาระบบสุขภาพ^bสำนักงานกองทุนสนับสนุนการสร้างเสริมสุขภาพ
245 00 ^aชุดการเรียนรู้ที่ 5 การสร้างนโยบายสาธารณะเพื่อสุขภาพแบบมีส่วนร่วมการปรับระบบบริการสุขภาพและการสร้างสิ่งแวดล้อมที่เอื้อต่อสุขภาพ=^b Building Participatory,Reorienting Health Services and Creating Healthy Environment /^cผู้ช่วยรองศาสตราจารย์ ดร.ลัฆวี ปิยะบัณฑิตกุล
250    ^aพิมพ์ครั้งที่ 1
260    ^aนนทบุรี:^bบริษัท มาตา การพิมพ์ จำกัด,^c2559
300    ^a60หน้า:^bตาราง;^c29ซม.
650  0 ^การสร้างนโยบาย^bเพื่อสุขภาพ
700 0  ^aการพยาบาล^bการสร้างสิ่งแวดล้อม
710 1  ^aสำนักสนับสนุนการพัฒนาระบบสุขภาพ^bสำนักงานกองทุนสนับสนุนการสร้างเสริมสุขภาพ
945    ^p0^l0^i001570
999    ^aวรรณษา ชูชัยมงคล
รายการนี้ยังไม่มีแท็ก
คุณยังไม่ได้ล็อกอิน คุณสามารถมีกิจกรรมร่วมกับเว็บไซต์ได้ แต่ต้องล็อกอินก่อน ::
  ล็อกอิน

รายการสื่อสารสนเทศ

ลำดับที่ ประเภท เลขเรียก/บาร์โค้ด สถานที่ สถานะ
1. การศึกษาทั่วไป
การศึกษาทั่วไป
สถานะ=หนังสือเก่า
WA546 ล235ก ฉ.1 
  Barcode: 001570
ห้องสมุดวิทยาเขตสวรรค์ประชารักษ์
►ส่วนจัดเก็บหนังสือเก่า สปร
บนชั้น
  ขอยืม

BibComment


ยังไม่เคยถูกคอมเมนท์

คอมเมนท์ทรัพยากรรายการนี้
  คอมเมนท์: ชุดการเรียนรู้ที..


 Copyright 2026. Bcnsprnw @Library